Digital system design with VHDL (Record no. 8011)
[ view plain ]
| 000 -LEADER | |
|---|---|
| fixed length control field | 00536 a2200169 4500 |
| 020 ## - INTERNATIONAL STANDARD BOOK NUMBER | |
| International Standard Book Number | 8129706504 |
| 082 ## - DEWEY DECIMAL CLASSIFICATION NUMBER | |
| Classification number | 621.381 |
| 090 ## - LOCALLY ASSIGNED LC-TYPE CALL NUMBER (OCLC); LOCAL CALL NUMBER (RLIN) | |
| -- | 4115 |
| -- | 4115 |
| 100 ## - MAIN ENTRY--PERSONAL NAME | |
| Personal name | Zwolin´ski, Mark |
| 245 ## - TITLE STATEMENT | |
| Title | Digital system design with VHDL |
| Statement of responsibility, etc. | Mark, Zwolin´ski. |
| 250 ## - EDITION STATEMENT | |
| Edition statement | 2nd ed. |
| 260 ## - PUBLICATION, DISTRIBUTION, ETC. | |
| Place of publication, distribution, etc. | New Delhi : |
| Name of publisher, distributor, etc. | Pearson Education Ltd., |
| Date of publication, distribution, etc. | 2004. |
| 300 ## - PHYSICAL DESCRIPTION | |
| Extent | xiii,368 p. : |
| Other physical details | ill. ; |
| Dimensions | 24 cm. |
| 500 ## - GENERAL NOTE | |
| General note | Includes Index |
| 650 ## - SUBJECT ADDED ENTRY--TOPICAL TERM | |
| Topical term or geographic name entry element | 1.Digital electronics--Data processing.2.VHDL (Computer hardware description language) |
| 942 ## - ADDED ENTRY ELEMENTS (KOHA) | |
| Koha item type | Book |
| Call number prefix | 621.381 ZWO |
| Withdrawn status | Lost status | Damaged status | Not for loan | Collection code | Permanent Location | Current Location | Shelving location | Date acquired | Source of acquisition | Cost, normal purchase price | Total Checkouts | Total Renewals | Full call number | Barcode | Date last seen | Date last checked out | Price effective from | Koha item type |
|---|---|---|---|---|---|---|---|---|---|---|---|---|---|---|---|---|---|---|
| Central Library (CL) | Central Library (CL) | General Stacks | 05/23/2005 | Allied Book Company | 202.50 | 1 | 3 | 621.381 ZWO | SEECS005758 | 05/12/2025 | 01/22/2024 | 01/05/2017 | Book | |||||
| Central Library (CL) | Central Library (CL) | General Stacks | 05/05/2005 | Allied Book Company | 202.50 | 3 | 621.381 ZWO | SEECS005635 | 05/30/2025 | 01/05/2017 | Book | |||||||
| Central Library (CL) | Central Library (CL) | General Stacks | 03/02/2005 | Pak Book Corporation | 202.50 | 3 | 621.381 ZWO | SEECS005355 | 06/20/2025 | 01/24/2025 | 01/05/2017 | Book |
